| 000 | 01350nam a2200265 i 4500 | ||
|---|---|---|---|
| 001 | 81967 | ||
| 003 | ES-MaACL | ||
| 005 | 20240312215326.0 | ||
| 007 | t| | ||
| 008 | 041116s1892 sp ||||1| spa d | ||
| 100 | 1 |
_aSaavedra, Eduardo, _d1829-1912 _9101132 |
|
| 245 | 1 | 0 |
_aIdeas de los antiguos sobre las tierras atlánticas / _cconferencia de Eduardo Saavedra pronunciada en día 17 de febrero de 1891. |
| 260 |
_aMadrid : _b[s.n.], _c1892 ( _fSucesores de Rivadeneyra) |
||
| 300 |
_a21 p. ; _c25 cm. |
||
| 500 | _aForma parte de:"El continente americano : conferencias dadas en el Ateneo Científico, Literario y Artístico de Madrid con motivo del Cuarto Centenario del Descubrimiento de América", Madrid 1894, título que agrupa todas las conferencias del ciclo en tres volúmenes, cada una de ellas con portada y año propios. Esta publicación pertenece al tomo 1º. | ||
| 500 | _aPrecede al tít.: Ateneo de Madrid. | ||
| 610 | 2 |
_aAteneo de Madrid- _vConferencias- _yS.XIX. _91910 |
|
| 610 | 2 |
_aAteneo de Madrid- _vObras digitalizadas. _91930 |
|
| 650 | 0 | 4 |
_aMitos geográficos. _915112 |
| 650 | 0 | 4 |
_aAtlántida. _910406 |
| 740 | 3 | _aEl continente americano. | |
| 852 |
_aES-MaACL _jR-2603(2) |
||
| 856 | 4 |
_uhttp://www.ateneodemadrid.com/biblioteca_digital/folletos/Folletos-0022.pdf _zVer documento |
|
| 999 |
_c81967 _d81967 |
||